¿ Extensión o comunicación?. La concientización en el medio rural /
Сохранить в:
| Главный автор: | |
|---|---|
| Формат: | |
| Язык: | Spanish |
| Опубликовано: |
México
Siglo Veintiuno Editores Tierra Nueva
1978
|
| Редактирование: | 7ma. edición |
| Серии: | Serie Educación
|
| Предметы: | |
| Метки: |
Добавить метку
Нет меток, Требуется 1-ая метка записи!
|
MARC
| LEADER | 00000nam a22000007a 4500 | ||
|---|---|---|---|
| 003 | cru CIDCACS/IIS | ||
| 005 | 20190212062556.0 | ||
| 008 | 170407b1978 uy ||||| |||| 00| 0|spa d | ||
| 999 | |c 19159 |d 19159 | ||
| 020 | |a 968-23-0165-3 | ||
| 040 | |c cru CIDCACS/IIS | ||
| 090 | |a 00.00.00 Fxxc | ||
| 100 | 1 | |9 4119 |a Freire, Paulo | |
| 245 | 1 | 2 | |a ¿ Extensión o comunicación?. |b La concientización en el medio rural / |c Por Paulo Freire, traducción de Lilian Ronzoni |
| 250 | |a 7ma. edición |b En coedición con Tierra Nueva, Montevideo Uruguay | ||
| 260 | |a México |b Siglo Veintiuno Editores |b Tierra Nueva |c 1978 | ||
| 300 | |a 109 páginas | ||
| 440 | |9 2538 |a Serie Educación | ||
| 500 | |a Colección Alforja | ||
| 650 | 4 | |9 1919 |a REFORMA AGRARIA | |
| 650 | 1 | 0 | |9 4515 |a AGRONOMOS |
| 650 | 1 | 0 | |9 5167 |a CAMBIO CULTURAL |
| 650 | 1 | 0 | |9 944 |a EDUCACION |
| 650 | 1 | 0 | |9 196 |a COMUNICACION |
| 650 | 0 | |9 5363 |a CAMPESINOS | |
| 650 | 1 | 0 | |a TECNICOS |9 1735 |
| 942 | |2 ddc |c LI | ||



